Role of food-processing factors in primate food choice (Registro nro. 10209)

Detalles MARC
000 -CABECERA
Campo de control 004020000a22001450004500
090 ## - CLASIFICACIÓN LOCAL
Colección AR
Consecutivo 01123
041 0# - IDIOMA
Código de idioma para texto/pista de sonido o título separado
100 1# - ASIENTO PRINCIPAL--NOMBRE PERSONAL
Nombre personal Milton, Katharine
245 10 - MENCION DE TITULO
Título Role of food-processing factors in primate food choice
650 14 - ASIENTO SECUNDARIO DE MATERIA - TERMINO TEMATICO
Término temático o nombre geográfico como elemento de entrada Hábitos alimentarios
650 14 - ASIENTO SECUNDARIO DE MATERIA - TERMINO TEMATICO
Término temático o nombre geográfico como elemento de entrada Fisiología animal
650 14 - ASIENTO SECUNDARIO DE MATERIA - TERMINO TEMATICO
Término temático o nombre geográfico como elemento de entrada Primates
773 1# - Item fuente:
Título Preprint
Especificación de materiales 3
Paginas del Articulo 249-279
Lugar, editorial y fecha de publicación 1984
942 ## - ELEMENTOS ADICIONALES (KOHA)
Tipo de ítem Artículo
Existencias
Withdrawn status Lost status Damaged status No para préstamo Colección Ubicación Permanente Ubicación actual Fecha de adquisición Datos de publicación Seriada Total Checkouts Número topográfico Inventario / Código de Barras Date last seen Ejemplar Price effective from Forma de adquisición Tipo de material
      No para Préstamo Hemeroteca Bogotá Bogotá 27/02/2015 Fuera de circulación   AR 01123 011441 25/03/2015 1 25/03/2015   Artículo